000 00511nam a22001937a 4500
003 OSt
005 20160707180722.0
008 160707b xxu||||| |||| 00| 0 eng d
020 _a0750617470
040 _cDNLM.
082 _aWB541J719h 1996.
100 _ajones,Kim;Barker,Karen;
_910056
245 _aHuman Movement explained.
260 _aOxford.
_bButterworth-Heinemann;
_c1996.
300 _aix,416p;
_bill:
_c24cm.
504 _aincludes index.
650 _aPhysiotherapy.
_91959
942 _2z
_cO_SHELF
999 _c4675
_d4675